| LEADER |
01540nam0a2200229 450 |
| 001 |
16859262 |
| 010 |
|
|
|a 978-2-266-30537-2
|b br.
|d 9
|
| 100 |
|
|
|a 20221230d2022 u u0frey01 ba
|
| 101 |
0 |
|
|a fre
|
| 102 |
|
|
|a FR
|
| 200 |
0 |
|
|a Réminiscences
|
| 207 |
|
1 |
|a
|
| 210 |
|
|
|a Paris
|c Pocket jeunesse
|d 2022
|
| 215 |
|
|
|a 1 vol. (832 p.)
|d 18 cm
|
| 225 |
1 |
|
|a Gardiens des cités perdues
|v 7
|
| 330 |
|
|
|a Le septième tome de la série à succès de Lumen, maintenant en poche label Best-seller ! Shannon Messenger fait sortir de l'ombre, avec un délice évident, les secrets les plus inquiétants du monde des elfes... Sophie Foster n'a pas fini de vous réserver des surprises ! Vous rêvez de visiter l'atlantide ou la mythique cité de Shangri-La ? Suivez le guide ! Sophie ne sait plus quelle stratégie adopter. Ses amis eux-mêmes semblent avoir perdu la foi, la lutte paraît au point mort. Mais quand ils sont victimes d'une nouvelle attaque et échappent de justesse à la mort, ils n'ont plus guère le choix. S'ils veulent garder une chance de l'emporter face à ces ennemis sans pitié, il leur faut dès à présent changer radicalement de tactique pour adopter celle de leurs adversaires - quitte à trahir leur nature et leurs plus intimes convictions...
|
| 461 |
|
0 |
|t Gardiens des cités perdues
|v 7
|
| 700 |
|
0 |
|a Messenger
|b Shannon
|4 70
|
| 702 |
|
0 |
|a Tamae-Bouhon
|b Mathilde
|4 70
|
| 900 |
|
|
|a Science fiction
|
| 901 |
|
|
|a Adultes
|
| 995 |
|
|
|a Médiathèque
|c Médiathèque
|f 089019307
|h 089019307
|k J MES 7 SF
|o p
|q a
|r az
|e Médiathèque
|